[Event "Sautron-Gif sur Yvette"]
[Site "Sautron"]
[Date "2008.04.05"]
[Round "10.6"]
[White "Boonekamp, Maarten"]
[Black "Rate, Bruno"]
[Result "0-1"]
[WhiteElo "2033"]
[BlackElo "2105"]
[PlyCount "36"]
[EventDate "2008.04.05"]
[SourceDate "2007.10.25"]

1. e4 c5 2. Nf3 d6 3. Bb5+ Nc6 4. O-O Bd7 5. c3 e6 6. d4 Qb6 7. Na3 Nf6 8. Qe2
cxd4 9. Nc4 d3 10. Qxd3 Qc7 11. Bf4 e5 12. Bg5 O-O-O 13. Rad1 a6 14. Be3 axb5
15. Nb6+ Kb8 16. Qxb5 Nd4 17. Nxd7+ Qxd7 18. Qxd7 Nxf3+ 0-1

[Event "Sautron-Gif sur Yvette"]
[Site "Sautron"]
[Date "2008.04.05"]
[Round "10.7"]
[White "Lebreton, Flavien"]
[Black "Leitner, Walter"]
[Result "1-0"]
[WhiteElo "1915"]
[BlackElo "2126"]
[PlyCount "73"]
[EventDate "2008.04.05"]
[SourceDate "2007.10.25"]

1. d4 Nf6 2. c4 e6 3. Nf3 b6 4. g3 Bb7 5. Bg2 Bb4+ 6. Bd2 a5 7. Nc3 O-O 8. O-O
Re8 9. Bf4 Bxc3 10. bxc3 Na6 11. Rb1 Be4 12. Nd2 Bxg2 13. Kxg2 d6 14. Bg5 h6
15. Bxf6 Qxf6 16. f4 Nb8 17. e4 Nd7 18. Qe2 Rac8 19. e5 Qe7 20. Rf2 Rf8 21. Re1
g6 22. g4 Rce8 23. Kh1 Kh7 24. Rf3 Rh8 25. Qf2 f5 26. exf6 Qxf6 27. Ne4 Qf7 28.
f5 gxf5 29. gxf5 e5 30. Qh4 Rhg8 31. Rh3 Qg7 32. Rg3 Qf7 33. Ng5+ Rxg5 34. Rxg5
Qf6 35. Reg1 Re7 36. Qh5 Nf8 37. R5g4 1-0

[Event "Sautron-Gif sur Yvette"]
[Site "Sautron"]
[Date "2008.04.05"]
[Round "10.8"]
[White "Lofi, Sarah"]
[Black "Terrazzoni, Claire"]
[Result "1-0"]
[WhiteElo "1846"]
[BlackElo "1430"]
[PlyCount "37"]
[EventDate "2008.04.05"]
[SourceDate "2007.10.25"]

1. e4 e5 2. Nf3 Nc6 3. d4 exd4 4. Nxd4 Bc5 5. Be3 Nf6 6. Nxc6 bxc6 7. Bxc5 d6
8. Bd4 O-O 9. Bd3 Qe7 10. O-O Nxe4 11. Re1 d5 12. f3 c5 13. Bc3 Nxc3 14. Nxc3
Qg5 15. Nxd5 Bh3 16. g3 Rae8 17. Nf4 Bc8 18. Bb5 Rd8 19. Qe2 1-0

[Event "Bois Colombes II-Gonfreville l'Orcher"]
[Site "Gonfreville l'Orcher"]
[Date "2008.04.05"]
[Round "10.2"]
[White "Lefebvre, Herve"]
[Black "Bernard, Vincent"]
[Result "1/2-1/2"]
[WhiteElo "2246"]
[BlackElo "2197"]
[PlyCount "82"]
[EventDate "2008.04.05"]
[SourceDate "2007.10.25"]

1. e4 c5 2. Nf3 Nc6 3. d4 cxd4 4. Nxd4 g6 5. c4 Nf6 6. Nc3 d6 7. Be2 Nxd4 8.
Qxd4 Bg7 9. Be3 O-O 10. Qd2 Be6 11. Rc1 Qa5 12. f3 Rfc8 13. b3 a6 14. Na4 Qxd2+
15. Kxd2 Nd7 16. g4 f5 17. exf5 gxf5 18. h3 Rf8 19. f4 Nf6 20. Rhg1 Ne4+ 21.
Ke1 Rac8 22. Nb6 Rc6 23. Bf3 Kh8 24. Bxe4 fxe4 25. Ke2 Bg8 26. Nd5 e6 27. Ne7
Rc7 28. Nxg8 Kxg8 29. Rgd1 Rc6 30. Rf1 d5 31. cxd5 exd5 32. Rxc6 bxc6 33. Rd1
Bc3 34. f5 h5 35. Bc5 Rf7 36. Ke3 hxg4 37. hxg4 Rh7 38. g5 Be5 39. Rg1 Rh3+ 40.
Ke2 Rh2+ 41. Ke3 Rh3+ 1/2-1/2

[Event "Bois Colombes II-Gonfreville l'Orcher"]
[Site "Gonfreville l'Orcher"]
[Date "2008.04.05"]
[Round "10.3"]
[White "Debeaune, Robin"]
[Black "Jeanne, Mickael"]
[Result "1/2-1/2"]
[WhiteElo "2209"]
[BlackElo "2204"]
[PlyCount "53"]
[EventDate "2008.04.05"]
[SourceDate "2007.10.25"]

1. e4 e6 2. d4 d5 3. Nd2 Nf6 4. Bd3 c5 5. dxc5 Bxc5 6. Qe2 O-O 7. Ngf3 Nc6 8.
O-O Qc7 9. a3 a5 10. b3 Nd4 11. Nxd4 Bxd4 12. Ra2 Rd8 13. Re1 e5 14. h3 dxe4
15. Nxe4 Nxe4 16. Qxe4 f5 17. Qh4 Be6 18. a4 Bc3 19. Rf1 Bxb3 20. cxb3 Rxd3 21.
Rc2 Qf7 22. Bb2 Qxb3 23. Rfc1 Bxb2 24. Rc8+ Rxc8 25. Rxc8+ Kf7 26. Rc7+ Kg6 27.
g4 {suite illisible} 1/2-1/2

[Event "Bois Colombes II-Gonfreville l'Orcher"]
[Site "Gonfreville l'Orcher"]
[Date "2008.04.05"]
[Round "10.4"]
[White "Bacon, Nicolas"]
[Black "Choisy, Mathilde"]
[Result "1/2-1/2"]
[WhiteElo "2246"]
[BlackElo "2094"]
[PlyCount "117"]
[EventDate "2008.04.05"]
[SourceDate "2007.10.25"]

1. e4 c5 2. Nf3 Nc6 3. d4 cxd4 4. Nxd4 d5 5. Bb5 dxe4 6. O-O Bd7 7. Nxc6 Bxc6
8. Bxc6+ bxc6 9. Qe2 Nf6 10. Bg5 e6 11. Rd1 Qc7 12. Bxf6 gxf6 13. Qxe4 f5 14.
Qd4 Rd8 15. Qxd8+ Qxd8 16. Rxd8+ Kxd8 17. Nd2 Kc7 18. Nc4 Bg7 19. Rd1 c5 20. c3
Bf6 21. Kf1 Rg8 22. f3 h5 23. Rd6 Be7 24. Rd1 Bf6 25. a4 h4 26. h3 Rb8 27. Ke2
Rg8 28. Kf2 Be7 29. Rd2 Bg5 30. Rd3 Bf4 31. b4 Bg3+ 32. Kf1 cxb4 33. cxb4 e5
34. Nd6 e4 35. Nb5+ Kb6 36. fxe4 fxe4 37. Rd7 Rc8 38. Rxf7 Rc1+ 39. Ke2 Rc2+
40. Ke3 Rxg2 41. Nxa7 Rc2 42. Kxe4 Be1 43. Kd3 Rc1 44. b5 Bg3 45. Nc6 Ra1 46.
Ra7 Kc5 47. Ne7 Ra3+ 48. Ke4 Bb8 49. Ra6 Rxh3 50. Nd5 Kc4 51. Rc6+ Kb3 52. a5
Ka4 53. a6 Kxb5 54. Rb6+ Ka5 55. Rxb8 Kxa6 56. Kd4 Rh1 57. Kc5 Rc1+ 58. Kd6 h3
59. Rh8 1/2-1/2

[Event "Bois Colombes II-Gonfreville l'Orcher"]
[Site "Gonfreville l'Orcher"]
[Date "2008.04.05"]
[Round "10.5"]
[White "Metzger, Clement"]
[Black "Charmeteau, Sven"]
[Result "1/2-1/2"]
[WhiteElo "2165"]
[BlackElo "2169"]
[PlyCount "71"]
[EventDate "2008.04.05"]
[SourceDate "2007.10.25"]

1. e4 c5 2. Nf3 Nc6 3. c3 Nf6 4. e5 Nd5 5. d4 cxd4 6. cxd4 d6 7. Bg5 h6 8. Bd2
Bg4 9. Nc3 dxe5 10. dxe5 Ndb4 11. Nb5 e6 12. a3 Bxf3 13. gxf3 Nd5 14. Qa4 a6
15. Nc3 b5 16. Qe4 Bc5 17. Rg1 g6 18. O-O-O Nce7 19. Bh3 Qb6 20. Nxd5 exd5 21.
Qd3 Bxf2 22. Rg2 Rd8 23. Bc3 Be3+ 24. Kb1 d4 25. Bb4 Nd5 26. e6 Nf4 27. Qe4
fxe6 28. Rxg6 Nxg6 29. Bxe6 Nf4 30. Bf5+ Kf7 31. Qe7+ Kg8 32. Bc5 Qb8 33. Be6+
Nxe6 34. Qxe6+ Kg7 35. Qe7+ Kg6 36. Qe6+ 1/2-1/2

[Event "Bois Colombes II-Gonfreville l'Orcher"]
[Site "Gonfreville l'Orcher"]
[Date "2008.04.05"]
[Round "10.6"]
[White "Mandon, Fabrice"]
[Black "Stenel, Vincent"]
[Result "1-0"]
[WhiteElo "2216"]
[BlackElo "2115"]
[PlyCount "63"]
[EventDate "2008.04.05"]
[SourceDate "2007.10.25"]

1. e4 e6 2. d4 d5 3. Nc3 Bb4 4. e5 b6 5. Qg4 Bf8 6. Nf3 Ba6 7. Bxa6 Nxa6 8. O-O
Qd7 9. Re1 h5 10. Qg3 Ne7 11. Bg5 Nf5 12. Qf4 c5 13. dxc5 bxc5 14. Nxd5 Nd4 15.
Ne3 Be7 16. Bxe7 Qxe7 17. Nxd4 cxd4 18. Qxd4 O-O 19. Rad1 Rab8 20. b3 Rfc8 21.
Qa4 Nc5 22. Qa5 Rc6 23. c4 Ra6 24. Qd2 h4 25. h3 Qg5 26. Qd4 Rc6 27. Nc2 a5 28.
Qc3 Qg6 29. Nd4 Ra6 30. Nf3 Qh5 31. Rd4 g5 32. Rg4 1-0

[Event "Bois Colombes II-Gonfreville l'Orcher"]
[Site "Gonfreville l'Orcher"]
[Date "2008.04.05"]
[Round "10.7"]
[White "Plane, Boris"]
[Black "Vaugeois, Cyrille"]
[Result "1/2-1/2"]
[WhiteElo "2106"]
[BlackElo "2196"]
[PlyCount "147"]
[EventDate "2008.04.05"]
[SourceDate "2007.10.25"]

1. e4 c5 2. Nf3 e6 3. d4 cxd4 4. Nxd4 Nf6 5. Nc3 Qb6 6. Nb3 Bb4 7. Bd3 d6 8.
O-O Bxc3 9. bxc3 e5 10. c4 Nbd7 11. a4 O-O 12. Qe1 Qc7 13. a5 Re8 14. Qb4 Nc5
15. Be3 Nfxe4 16. Bxe4 Nxe4 17. Rfd1 Be6 18. f3 Nf6 19. Qxd6 Qxc4 20. Qxe5 Qxc2
21. Nd4 Qg6 22. Nxe6 Rxe6 23. Qd4 Rae8 24. Bf2 b6 25. axb6 axb6 26. Rab1 h6 27.
Rxb6 Re2 28. Rd6 Ra2 29. Rd8 Rxd8 30. Qxd8+ Kh7 31. g3 Ra3 32. Kg2 Qf5 33. f4
Qe4+ 34. Kh3 Qxf4 35. Qd4 Qf5+ 36. Kg2 Qf3+ 37. Kg1 Ne4 38. Re1 f5 39. Rf1 Ra2
40. Qe3 Qxe3 41. Bxe3 Re2 42. Bd4 Rd2 43. Be5 Kg6 44. Rb1 Rd7 45. Rb2 Kh5 46.
Kg2 g6 47. h3 Rd5 48. Bg7 Kg5 49. Bf8 Rd3 50. g4 fxg4 51. hxg4 Rg3+ 52. Kh2
Rxg4 53. Rb5+ Kf6 54. Kh3 h5 55. Rb7 Rg3+ 56. Kh2 Rf3 57. Kg2 Rf2+ 58. Kg1 Rc2
59. Rb4 Ng3 60. Bh6 Nf5 61. Bf4 Rc6 62. Rb8 h4 63. Kh2 Rc4 64. Rb6+ Kf7 65.
Rb7+ Ke6 66. Rb6+ Kd5 67. Bg5 Rc6 68. Rxc6 Kxc6 69. Kh3 Kd5 70. Bxh4 Ke4 71.
Bg5 Ng7 72. Kg4 Ne6 73. Bf6 Ke3 74. Bg5+ 1/2-1/2

[Event "Bois Colombes II-Gonfreville l'Orcher"]
[Site "Gonfreville l'Orcher"]
[Date "2008.04.05"]
[Round "10.8"]
[White "Ferry, Justine"]
[Black "Frih, Ameur"]
[Result "0-1"]
[WhiteElo "1874"]
[BlackElo "2109"]
[PlyCount "44"]
[EventDate "2008.04.05"]
[SourceDate "2007.10.25"]

1. d4 Nf6 2. c4 e6 3. Nc3 Bb4 4. Qc2 c5 5. Nf3 O-O 6. Bd2 d5 7. cxd5 exd5 8. g3
Nc6 9. dxc5 d4 10. Nb5 Bxd2+ 11. Nxd2 Qa5 12. Nd6 Nb4 13. Qc1 d3 14. exd3 Bg4
15. f4 Bf3 16. Rg1 Ng4 17. a3 Rfe8+ 18. N6e4 Nxd3+ 19. Bxd3 Bxe4 20. Bxe4 Rxe4+
21. Kd1 Rd8 22. b4 Qa4+ 0-1

[Event "Lisieux-Cergy Pontoise"]
[Site "Gonfreville l'Orcher"]
[Date "2008.04.05"]
[Round "10.1"]
[White "Decosse, Jean Fabien"]
[Black "Bernard, Christophe"]
[Result "1/2-1/2"]
[WhiteElo "2238"]
[BlackElo "2361"]
[PlyCount "75"]
[EventDate "2008.04.05"]
[SourceDate "2007.10.25"]

1. d4 Nf6 2. c4 g6 3. Nc3 d5 4. Bf4 Bg7 5. e3 O-O 6. cxd5 Nxd5 7. Nxd5 Qxd5 8.
Bxc7 Nc6 9. Ne2 Bg4 10. h3 Rac8 11. hxg4 Rxc7 12. Nc3 Qa5 13. Be2 Rd8 14. O-O
e5 15. d5 e4 16. Qb3 Bxc3 17. dxc6 Be5 18. cxb7 Rb8 19. Qb5 Qxb5 20. Bxb5 Rbxb7
21. a4 Bxb2 22. Ra2 Be5 23. Rd2 Rc5 24. f4 exf3 25. gxf3 Kg7 26. f4 Bc3 27. Rd3
Re7 28. Kf2 Ba5 29. Kf3 g5 30. Rfd1 Bb6 31. Rd7 Re6 32. R1d3 h5 33. gxh5 gxf4
34. exf4 Rxh5 35. Bc4 Rf6 36. R3d6 Rxd6 37. Rxd6 Rc5 38. Bb5 1/2-1/2

[Event "Lisieux-Cergy Pontoise"]
[Site "Gonfreville l'Orcher"]
[Date "2008.04.05"]
[Round "10.2"]
[White "Yacob, Francois"]
[Black "Coursaget, Nicolas"]
[Result "0-1"]
[WhiteElo "2179"]
[BlackElo "2334"]
[PlyCount "90"]
[EventDate "2008.04.05"]
[SourceDate "2007.10.25"]

1. e4 c5 2. Nf3 Nc6 3. d4 cxd4 4. Nxd4 Nf6 5. Nc3 e5 6. Ndb5 d6 7. Bg5 a6 8.
Na3 b5 9. Nd5 Be7 10. Bxf6 Bxf6 11. c3 O-O 12. Nc2 Bg5 13. h4 Bh6 14. g3 Kh8
15. Bg2 Ne7 16. Ncb4 Bb7 17. a4 a5 18. Nxe7 axb4 19. Nf5 bxc3 20. bxc3 Qa5 21.
O-O bxa4 22. Nxh6 gxh6 23. Qxd6 Kg7 24. Rfb1 Rfd8 25. Qe7 Bc6 26. Bf1 Rd7 27.
Qb4 Rd2 28. Qc4 Qc7 29. Be2 Bd7 30. Re1 Rc8 31. Qb4 Bc6 32. Rad1 Rcd8 33. Qc4
Qb6 34. Rxd2 Rxd2 35. Rd1 Bb5 36. Rxd2 Bxc4 37. Bxc4 Qb1+ 38. Kh2 Qxe4 39. Ba2
Qe1 40. Rc2 Qd1 41. Rb2 a3 42. Rb3 Qc2 43. Rxa3 Qxf2+ 44. Kh3 h5 45. Ra8 Qf3
0-1

[Event "Lisieux-Cergy Pontoise"]
[Site "Gonfreville l'Orcher"]
[Date "2008.04.05"]
[Round "10.3"]
[White "Marie, Maxime"]
[Black "Cathelineau, Didier"]
[Result "1/2-1/2"]
[WhiteElo "2251"]
[BlackElo "2201"]
[PlyCount "71"]
[EventDate "2008.04.05"]
[SourceDate "2007.10.25"]

1. e4 e5 2. Nf3 Nf6 3. Bc4 Nxe4 4. Nc3 Nxc3 5. dxc3 c6 6. Nxe5 d5 7. O-O Bd6 8.
Re1 O-O 9. Bd3 Qf6 10. f4 Bf5 11. g4 Bxd3 12. cxd3 Qd8 13. d4 Nd7 14. g5 f6 15.
Nd3 fxg5 16. fxg5 Qc7 17. Qg4 Rf7 18. Bd2 Raf8 19. h4 Rf3 20. Re3 Rxe3 21. Bxe3
Nb6 22. Rf1 Rxf1+ 23. Kxf1 Qd7 24. Qxd7 Nxd7 25. Bf4 Bxf4 26. Nxf4 Kf7 27. Ke2
Nf8 28. Nd3 Kg6 29. Kf3 Kh5 30. Kg3 Ng6 31. b3 Nxh4 32. Kf4 Ng2+ 33. Kf3 Nh4+
34. Kf4 Ng6+ 35. Kf5 Nh4+ 36. Kf4 1/2-1/2

[Event "Lisieux-Cergy Pontoise"]
[Site "Gonfreville l'Orcher"]
[Date "2008.04.05"]
[Round "10.4"]
[White "Marcantoni, Herve"]
[Black "Blanche, Paul"]
[Result "1/2-1/2"]
[WhiteElo "2206"]
[BlackElo "2121"]
[PlyCount "54"]
[EventDate "2008.04.05"]
[SourceDate "2007.10.25"]

1. e4 c5 2. Nf3 Nc6 3. d4 cxd4 4. Nxd4 g6 5. c4 Bg7 6. Be3 Nf6 7. Nc3 Ng4 8.
Qxg4 Nxd4 9. Qd1 Ne6 10. Rc1 Qa5 11. Qd2 O-O 12. Bd3 Nc5 13. Bb1 d6 14. O-O Be6
15. b3 Kh8 16. Rfd1 a6 17. Nd5 Qxd2 18. Rxd2 Bxd5 19. cxd5 b6 20. b4 Na4 21.
Bd4 Bxd4 22. Rxd4 b5 23. Rd2 Rfc8 24. Rdc2 Nb6 25. Rxc8+ Rxc8 26. Rxc8+ Nxc8
27. f4 Kg7 1/2-1/2

[Event "Lisieux-Cergy Pontoise"]
[Site "Gonfreville l'Orcher"]
[Date "2008.04.05"]
[Round "10.5"]
[White "Le Borgne, Pierre"]
[Black "Jaulin, Marc"]
[Result "1-0"]
[WhiteElo "2207"]
[BlackElo "2145"]
[PlyCount "53"]
[EventDate "2008.04.05"]
[SourceDate "2007.10.25"]

1. e4 c5 2. Nf3 d6 3. d4 Nf6 4. Nc3 cxd4 5. Nxd4 g6 6. Be2 Bg7 7. O-O O-O 8.
Be3 Nc6 9. Nb3 Be6 10. f4 Na5 11. f5 Bd7 12. Qe1 Bc6 13. Qh4 Nxb3 14. axb3 e6
15. Bd3 Nd7 16. Qh3 Re8 17. Rf2 Qe7 18. fxe6 Qxe6 19. Bc4 d5 20. exd5 Qxh3 21.
gxh3 Rxe3 22. dxc6 bxc6 23. Rxf7 Nb6 24. Rfxa7+ Nxc4 25. Rxa8+ Kf7 26. bxc4 Bd4
27. Kg2 1-0

[Event "Lisieux-Cergy Pontoise"]
[Site "Gonfreville l'Orcher"]
[Date "2008.04.05"]
[Round "10.6"]
[White "Hameau, Cyril"]
[Black "Riette, Thomas"]
[Result "1-0"]
[WhiteElo "2044"]
[BlackElo "1873"]
[PlyCount "47"]
[EventDate "2008.04.05"]
[SourceDate "2007.10.25"]

1. d4 Nf6 2. Bg5 e6 3. Nc3 Bb4 4. a3 Bxc3+ 5. bxc3 h6 6. Bh4 g5 7. Bg3 Ne4 8.
Be5 f6 9. Qd3 fxe5 10. Qxe4 Qf6 11. Nf3 exd4 12. cxd4 c5 13. c3 Nc6 14. e3 b6
15. Bb5 Bb7 16. O-O O-O-O 17. dxc5 bxc5 18. Qa4 g4 19. Nd2 Ne5 20. Rab1 Nf3+
21. Nxf3 gxf3 22. Ba6 Rhg8 23. g3 Rdf8 24. Rxb7 1-0

[Event "Lisieux-Cergy Pontoise"]
[Site "Gonfreville l'Orcher"]
[Date "2008.04.05"]
[Round "10.7"]
[White "Doucet, Antoine"]
[Black "Ricroque, Jean Pierre"]
[Result "0-1"]
[WhiteElo "1870"]
[BlackElo "1984"]
[PlyCount "106"]
[EventDate "2008.04.05"]
[SourceDate "2007.10.25"]

1. d4 Nf6 2. c4 e6 3. Nf3 d5 4. e3 c6 5. Bd3 Nbd7 6. O-O Be7 7. Nc3 O-O 8. c5
h6 9. b4 a5 10. b5 e5 11. bxc6 bxc6 12. Be2 e4 13. Nd2 Nh7 14. Rb1 f5 15. f3
Nxc5 16. dxc5 d4 17. Bc4+ Kh8 18. Na4 dxe3 19. Nb3 Qxd1 20. Rxd1 exf3 21. gxf3
f4 22. Nb6 Bf5 23. Rb2 Rad8 24. Rxd8 Rxd8 25. Kf1 Bf6 26. Re2 Bh3+ 27. Rg2 Rd1+
28. Ke2 Rh1 29. Bxe3 fxe3 30. Rg3 Rxh2+ 31. Kxe3 Bh4 32. Rg6 Bf2+ 33. Kf4 Nf6
34. Nxa5 Bxc5 35. Na4 Bd6+ 36. Ke3 Bf5 37. Rg1 g5 38. Nxc6 Bd7 39. Bb5 Rxa2 40.
Rd1 Bf4+ 41. Kd4 Rc2 42. Na7 Rc7 43. Nc5 Rxa7 44. Nxd7 Nxd7 45. Ke4 Nb6 46. Kf5
Kg7 47. Kg4 Ra5 48. Be8 Nd5 49. Bc6 h5+ 50. Kh3 Ra2 51. Rh1 Nc3 52. Bd7 Ne2 53.
Kg2 Ng3+ 0-1

[Event "Lisieux-Cergy Pontoise"]
[Site "Gonfreville l'Orcher"]
[Date "2008.04.05"]
[Round "10.8"]
[White "Oberlin, Cecile"]
[Black "Nadin, Stephanie"]
[Result "1-0"]
[WhiteElo "1640"]
[BlackElo "1799"]
[PlyCount "83"]
[EventDate "2008.04.05"]
[SourceDate "2007.10.25"]

1. e4 Nf6 2. Nc3 e5 3. Bc4 Nxe4 4. Bxf7+ Kxf7 5. Nxe4 Nc6 6. d3 h6 7. Qh5+ Kg8
8. Nf3 d6 9. O-O Be6 10. Ng3 Qd7 11. h3 Be7 12. c3 Rf8 13. Re1 Rf6 14. Nh4 Bf7
15. Qe2 Kh7 16. Ne4 Re6 17. Nf5 Bd8 18. Be3 Rf8 19. Qd2 Bg6 20. Nfg3 b6 21. f4
exf4 22. Bxf4 Bh4 23. Rf1 d5 24. Nf2 Ref6 25. Ne2 Bxf2+ 26. Rxf2 Bh5 27. Ng3
Bg6 28. Raf1 Kh8 29. d4 Nd8 30. Qe2 Re8 31. Qd2 Ne6 32. Be5 Rxf2 33. Rxf2 Qd8
34. Rf1 Qh4 35. Ne2 Be4 36. Qe3 Kg8 37. Nf4 Nxf4 38. Rxf4 Qg5 39. Qf2 c6 40.
Rg4 Qc1+ 41. Kh2 Re7 42. Qf6 1-0

[Event "Orleans-Rennes Paul Bert"]
[Site "Rennes"]
[Date "2008.04.05"]
[Round "10.1"]
[White "Spitz, Christophe"]
[Black "Monroy, Charles"]
[Result "1-0"]
[WhiteElo "2175"]
[BlackElo "2399"]
[PlyCount "51"]
[EventDate "2008.04.05"]
[SourceDate "2007.10.25"]

1. e4 c5 2. Nf3 d6 3. d4 cxd4 4. Nxd4 Nf6 5. Nc3 Nc6 6. Bc4 e6 7. Be3 Be7 8.
Qe2 a6 9. O-O-O Qc7 10. Bb3 O-O 11. g4 Nxd4 12. Rxd4 e5 13. Rc4 Qd8 14. g5 Ng4
15. Rxc8 Qxc8 16. Nd5 Bd8 17. Bd2 a5 18. a3 a4 19. Ba2 Kh8 20. h3 Nxf2 21. Qxf2
f5 22. gxf6 Bxf6 23. Nb6 Bg5 24. Qg2 Qc5 25. Nxa8 Bh6 26. Rf1 1-0

[Event "Orleans-Rennes Paul Bert"]
[Site "Rennes"]
[Date "2008.04.05"]
[Round "10.2"]
[White "Demanghon, Jonathan"]
[Black "Perrin, Guillaume"]
[Result "0-1"]
[WhiteElo "2227"]
[BlackElo "2265"]
[PlyCount "54"]
[EventDate "2008.04.05"]
[SourceDate "2007.10.25"]

1. d4 Nf6 2. c4 g6 3. Nc3 Bg7 4. e4 d6 5. f3 O-O 6. Bg5 a6 7. Nge2 Nbd7 8. Qd2
c5 9. d5 b5 10. cxb5 axb5 11. Nxb5 Ba6 12. Nec3 Qa5 13. Rc1 Bxb5 14. Bxb5 Nxe4
15. fxe4 Bxc3 16. Qxc3 Qxb5 17. Bh6 Ne5 18. Bxf8 Kxf8 19. Kf2 Rxa2 20. Rb1 Ra4
21. Rhe1 Qd3 22. Red1 Qxe4 23. h3 Rc4 24. Qg3 Rd4 25. Ra1 Qxd5 26. Rxd4 Qxd4+
27. Qe3 Qxb2+ 0-1

[Event "Orleans-Rennes Paul Bert"]
[Site "Rennes"]
[Date "2008.04.05"]
[Round "10.3"]
[White "Bernardin, Thierry"]
[Black "Bleuzen, Cedric"]
[Result "1-0"]
[WhiteElo "1990"]
[BlackElo "2029"]
[PlyCount "75"]
[EventDate "2008.04.05"]
[SourceDate "2007.10.25"]

1. Nf3 e6 2. g3 f5 3. Bg2 Nf6 4. O-O Be7 5. d3 d5 6. c4 c6 7. Nc3 O-O 8. Qc2 d4
9. Nd1 c5 10. e3 Nc6 11. exd4 cxd4 12. Re1 Re8 13. a3 a5 14. Ng5 Bc5 15. f4 Ra6
16. b3 h6 17. Nf3 e5 18. Nxe5 Nxe5 19. fxe5 Rae6 20. Nf2 g5 21. Bd2 Rxe5 22. b4
Bb6 23. Qb3 axb4 24. axb4 Re2 25. Rxe2 Rxe2 26. c5+ Be6 27. Qd1 Rxf2 28. Kxf2
Ng4+ 29. Kg1 Bc7 30. Bxb7 Kg7 31. Ra6 Qd7 32. Qa4 Qe7 33. Qc6 Kf7 34. Ba8 Nf6
35. Ra7 Ne8 36. b5 Bd7 37. Qxh6 Qxc5 38. b6 1-0

[Event "Orleans-Rennes Paul Bert"]
[Site "Rennes"]
[Date "2008.04.05"]
[Round "10.4"]
[White "Favarel, Camille"]
[Black "Vaillant, Stephane"]
[Result "1-0"]
[WhiteElo "2093"]
[BlackElo "2017"]
[PlyCount "111"]
[EventDate "2008.04.05"]
[SourceDate "2007.10.25"]

1. d4 e6 2. c4 Nf6 3. Nf3 Bb4+ 4. Bd2 Qe7 5. Qc2 a5 6. e3 Nc6 7. a3 Bxd2+ 8.
Nbxd2 d6 9. Bd3 e5 10. O-O Bg4 11. d5 Nb8 12. b4 b6 13. e4 Nbd7 14. Rfc1 O-O
15. Ne1 Rfb8 16. f3 Bh5 17. Bf1 Bg6 18. Nd3 h5 19. Qc3 Ne8 20. c5 axb4 21. axb4
bxc5 22. bxc5 dxc5 23. Rxa8 Rxa8 24. Nxc5 Nxc5 25. Qxc5 Qxc5+ 26. Rxc5 f6 27.
Bb5 Ra7 28. Bxe8 Bxe8 29. Rc3 Kf7 30. g3 g5 31. Kf2 Ke7 32. Ke3 Bd7 33. f4
gxf4+ 34. gxf4 exf4+ 35. Kxf4 Ra2 36. Nf3 Kd8 37. Re3 Rg2 38. Rc3 Rg4+ 39. Ke3
Rg2 40. Ra3 Ke7 41. Ra7 Kd8 42. Ra8+ Ke7 43. Rh8 Be8 44. Rh7+ Kd8 45. Nd4 Rxh2
46. Ne6+ Kc8 47. Rxc7+ Kb8 48. Rh7 Kc8 49. Rh6 Kd7 50. Rxf6 Ke7 51. Rh6 Bf7 52.
Nd4 Rh1 53. Kf4 Rd1 54. Ke5 Ra1 55. Nf5+ Kd8 56. Nd6 1-0

[Event "Orleans-Rennes Paul Bert"]
[Site "Rennes"]
[Date "2008.04.05"]
[Round "10.5"]
[White "Teixeira, Antonio"]
[Black "Rivet, Gilles"]
[Result "1/2-1/2"]
[WhiteElo "1899"]
[BlackElo "2098"]
[PlyCount "153"]
[EventDate "2008.04.05"]
[SourceDate "2007.10.25"]

1. e4 e5 2. Nf3 Nf6 3. d3 d5 4. exd5 Qxd5 5. Be2 e4 6. dxe4 Qxd1+ 7. Bxd1 Nxe4
8. O-O Bc5 9. Bf4 Bb6 10. a4 a5 11. Na3 Be6 12. Be2 O-O 13. Nc4 Bxc4 14. Bxc4
Nd7 15. Bd5 Ndc5 16. Ng5 Nxg5 17. Bxg5 c6 18. Bc4 Ne4 19. Bf4 g5 20. Bc1 Rfe8
21. g3 Rad8 22. Bd3 Nxf2 23. Rxf2 Rxd3 24. cxd3 Re2 25. Bxg5 Rxf2 26. Kh1 f6
27. Bh6 Bd4 28. Re1 Kf7 29. b3 Rf3 30. Rd1 Ke6 31. Re1+ Kf7 32. Rd1 c5 33. Bf4
Rf2 34. Bc1 Rc2 35. Bd2 b6 36. Bf4 Rb2 37. Bc7 Rxb3 38. Kg2 Rb4 39. Kf3 Be5 40.
Bxe5 fxe5 41. Ra1 Ke6 42. h3 Kd5 43. Ke3 Ke6 44. Kd2 h5 45. Kc3 e4 46. dxe4 Ke5
47. Rg1 Rxe4 48. g4 hxg4 49. hxg4 Kf6 50. g5+ Kg6 51. Kb3 Rb4+ 52. Ka3 Re4 53.
Rb1 Re3+ 54. Ka2 Re6 55. Rg1 Rd6 56. Kb3 Rd5 57. Re1 Rd4 58. Re5 Rg4 59. Ka3
Rb4 60. Rd5 c4 61. Re5 Kh5 62. Rd5 Rb1 63. Ka2 Rb4 64. Ka3 Rb3+ 65. Ka2 Rd3 66.
Rb5 Rd2+ 67. Kb1 Rd6 68. Kc2 Rc6 69. Kc3 Kg4 70. Rd5 Kf4 71. Rb5 Ke4 72. Rb1
Kd5 73. Rg1 Rg6 74. Rg4 b5 75. axb5 Kc5 76. Rxc4+ Kxb5 77. Rg4 1/2-1/2

[Event "Orleans-Rennes Paul Bert"]
[Site "Rennes"]
[Date "2008.04.05"]
[Round "10.6"]
[White "Bleuzen, Erwan"]
[Black "Maurel, Jean Louis"]
[Result "1-0"]
[WhiteElo "2038"]
[BlackElo "1995"]
[PlyCount "47"]
[EventDate "2008.04.05"]
[SourceDate "2007.10.25"]

1. d4 g6 2. c4 Bg7 3. e4 d6 4. Nf3 Bg4 5. Be2 Nc6 6. Be3 e5 7. d5 Nce7 8. O-O
Nf6 9. Nc3 O-O 10. b4 c6 11. Rc1 cxd5 12. cxd5 b6 13. h3 Bd7 14. Nd2 Ne8 15.
Nc4 f5 16. a4 Rc8 17. f4 fxe4 18. fxe5 Nf5 19. Nxe4 dxe5 20. Bg5 Nf6 21. Nxe5
Rxc1 22. Qxc1 Bxa4 23. Bc4 Kh8 24. Ng4 1-0

[Event "Orleans-Rennes Paul Bert"]
[Site "Rennes"]
[Date "2008.04.05"]
[Round "10.7"]
[White "Gastal, Laurent"]
[Black "Le Bail, Clara"]
[Result "0-1"]
[WhiteElo "1995"]
[BlackElo "2012"]
[PlyCount "118"]
[EventDate "2008.04.05"]
[SourceDate "2007.10.25"]

1. e4 e6 2. Qe2 c5 3. Nf3 Nc6 4. g3 d6 5. Bg2 e5 6. c3 g6 7. O-O Bg7 8. d3 Nge7
9. Nh4 O-O 10. f4 f5 11. exf5 Nxf5 12. Nf3 Re8 13. Ng5 d5 14. Qf3 Nfe7 15. Re1
h6 16. Nh3 Rf8 17. Qe2 Bf5 18. Nd2 Qc8 19. Qf1 g5 20. Nf2 exf4 21. gxf4 g4 22.
Nh1 Qd7 23. Ng3 Bg6 24. Nb3 b6 25. Qe2 Rae8 26. Qe6+ Qxe6 27. Rxe6 Nd8 28. Re3
d4 29. cxd4 cxd4 30. Re2 Bxd3 31. Rd2 Bg6 32. Nxd4 Rxf4 33. Nde2 Rff8 34. Rd6
Kh7 35. Nf4 Rf6 36. Rxf6 Bxf6 37. Ne4 Bd4+ 38. Kh1 Nf5 39. Nxg6 Kxg6 40. Bd2
Bxb2 41. Rb1 Bg7 42. Rc1 Ne6 43. Rc6 Nfd4 44. Rd6 Rd8 45. Rxd8 Nxd8 46. Ng3 Nf3
47. Be3 Ng5 48. Bf1 Nde6 49. Bd3+ Kf6 50. Nh5+ Kf7 51. Nxg7 Kxg7 52. Bf5 h5 53.
h3 gxh3 54. Kh2 Kf6 55. Bd3 Ke5 56. Kg3 h4+ 57. Kh2 Nf4 58. Ba6 Nf3+ 59. Kh1
Nh5 0-1

[Event "Orleans-Rennes Paul Bert"]
[Site "Rennes"]
[Date "2008.04.05"]
[Round "10.8"]
[White "Le Montagner, Yoann"]
[Black "Dinet, Virginie"]
[Result "1-0"]
[WhiteElo "2007"]
[BlackElo "1790"]
[PlyCount "65"]
[EventDate "2008.04.05"]
[SourceDate "2007.10.25"]

1. e4 e5 2. Nf3 Nc6 3. d4 exd4 4. Bc4 h6 5. O-O Bc5 6. c3 dxc3 7. Bxf7+ Kxf7 8.
Qd5+ Ke8 9. Qh5+ Kf8 10. Qxc5+ d6 11. Qxc3 Qf6 12. Qb3 Nge7 13. Bd2 Qf7 14. Qe3
Bg4 15. Nd4 Nxd4 16. Qxd4 Nc6 17. Qe3 Re8 18. f3 Bc8 19. Bc3 Kg8 20. Nd2 Kh7
21. f4 Rhf8 22. Qd3 Kg8 23. b3 Qh5 24. Rae1 Qc5+ 25. Kh1 Nb4 26. Qg3 Rf7 27. f5
Nxa2 28. f6 Ref8 29. Ba1 Qb5 30. Rf3 g5 31. e5 Qd5 32. Rd3 Qe6 33. exd6 1-0

[Event "Quimper-Echiquier Berry Sologne"]
[Site "Rennes"]
[Date "2008.04.05"]
[Round "10.1"]
[White "Bleunven, Andre"]
[Black "Lalic, Bogdan"]
[Result "1/2-1/2"]
[WhiteElo "2265"]
[BlackElo "2514"]
[PlyCount "42"]
[EventDate "2008.04.05"]
[SourceDate "2007.10.25"]

1. d4 Nf6 2. c4 e6 3. Nc3 Bb4 4. e3 O-O 5. Nge2 d5 6. a3 Be7 7. cxd5 exd5 8. g3
a5 9. Bg2 Re8 10. O-O Bf8 11. f3 c5 12. g4 h6 13. h3 Nc6 14. f4 Bxg4 15. hxg4
Nxg4 16. Qe1 cxd4 17. Nxd5 dxe3 18. Qg3 Nf6 19. Rd1 Nxd5 20. Bxd5 Qf6 21. Bxe3
Qxb2 1/2-1/2